[Event "4NCL Division One"]
[Site "Daventry, ENG"]
[Date "2023.01.14"]
[Round "3.42"]
[White "Wall, Gavin"]
[Black "Alsina Leal, Daniel"]
[Result "1/2-1/2"]
[WhiteElo "2286"]
[BlackElo "2527"]
[PlyCount "71"]
[EventDate "2023.01.14"]
[WhiteTeam "Gonzaga"]
[BlackTeam "Chessable White Rose 1"]

1. e4 e6 2. d4 d5 3. e5 c5 4. c3 Nc6 5. Nf3 Nh6 6. Bd3 Nf5 7. dxc5 Nh4 8. Nxh4
Qxh4 9. Qe2 Bxc5 10. Nd2 Bb6 11. Nf3 Qe7 12. O-O Bd7 13. b4 f6 14. Bf4 Rc8 15.
a4 Bc7 16. b5 Nxe5 17. Nxe5 fxe5 18. Bxe5 Bxe5 19. Qxe5 O-O 20. Rac1 Rc5 21. f4
g6 22. h4 Qg7 23. Qd6 Rfc8 24. Rf3 Rxc3 25. Rxc3 Rxc3 26. Kh2 Be8 27. Qxe6+ Bf7
28. Qe3 Qf6 29. h5 Kg7 30. h6+ Kxh6 31. Qxa7 Kg7 32. Qxb7 Qh4+ 33. Kg1 Qe1+ 34.
Kh2 Qh4+ 35. Kg1 Qe1+ 36. Kh2 1/2-1/2

[Event "4NCL Division One"]
[Site "Daventry, ENG"]
[Date "2023.01.14"]
[Round "3.43"]
[White "Rowson, Jonathan"]
[Black "Thorarinsson, Pall A."]
[Result "1-0"]
[WhiteElo "2550"]
[BlackElo "2205"]
[PlyCount "57"]
[EventDate "2023.01.14"]
[WhiteTeam "Chessable White Rose 1"]
[BlackTeam "Gonzaga"]

1. d4 d5 2. c4 c6 3. Nc3 Nf6 4. e3 e6 5. Nf3 Nbd7 6. Qc2 Bd6 7. Bd2 O-O 8. h3
e5 9. O-O-O e4 10. Nh2 c5 11. Ng4 cxd4 12. exd4 Bb4 13. c5 Nxg4 14. hxg4 Nf6
15. f3 Re8 16. g5 Bxc3 17. Qxc3 Nd7 18. fxe4 dxe4 19. Bc4 Nf8 20. d5 Bf5 21.
Rhf1 Bg6 22. Be3 Nd7 23. Bb5 Rc8 24. Bxd7 Qxd7 25. b3 Rc7 26. Kb2 Qg4 27. Rd2
Rec8 28. Qe5 f6 29. gxf6 1-0

[Event "4NCL Division One"]
[Site "Daventry, ENG"]
[Date "2023.01.14"]
[Round "3.44"]
[White "Venkatesan, Kavin"]
[Black "Adair, James R"]
[Result "1/2-1/2"]
[WhiteElo "2142"]
[BlackElo "2451"]
[PlyCount "46"]
[EventDate "2023.01.14"]
[WhiteTeam "Gonzaga"]
[BlackTeam "Chessable White Rose 1"]

1. d4 Nf6 2. c4 e6 3. Nc3 Bb4 4. f3 c5 5. d5 d6 6. e4 b5 7. a3 Ba5 8. Bd3 O-O
9. Nge2 bxc4 10. Bxc4 Ba6 11. Bxa6 Nxa6 12. Bg5 exd5 13. exd5 c4 14. Qd4 Re8
15. Qxc4 Bxc3+ 16. bxc3 Qb6 17. Bxf6 gxf6 18. Rd1 Rac8 19. Qd4 Qxd4 20. cxd4
Rc3 21. Kd2 Rxa3 22. Ra1 Rb3 23. Rhb1 Rb4 1/2-1/2

[Event "4NCL Division One"]
[Site "Daventry, ENG"]
[Date "2023.01.14"]
[Round "3.45"]
[White "Wells, Peter K"]
[Black "Freeman, Gordon"]
[Result "1/2-1/2"]
[WhiteElo "2370"]
[BlackElo "2218"]
[PlyCount "93"]
[EventDate "2023.01.14"]
[WhiteTeam "Chessable White Rose 1"]
[BlackTeam "Gonzaga"]

1. Nf3 c5 2. c4 Nf6 3. Nc3 g6 4. d4 cxd4 5. Nxd4 Nc6 6. e4 Bg7 7. Be3 O-O 8.
Be2 Nxd4 9. Bxd4 b6 10. f4 Bb7 11. Bf3 d6 12. O-O Rc8 13. b3 Nd7 14. Bxg7 Kxg7
15. e5 Bxf3 16. Rxf3 Rc6 17. Nb5 a6 18. Nd4 Rc8 19. e6 Nc5 20. f5 fxe6 21. b4
e5 22. bxc5 exd4 23. Qxd4+ Kg8 24. cxb6 Rxf5 25. Rxf5 gxf5 26. Rb1 Rb8 27. Rb3
e5 28. Qd5+ Kh8 29. c5 Qg5 30. Rc3 Qh4 31. g3 Qb4 32. Qxd6 Qxc3 33. Qxb8+ Kg7
34. Qc7+ Kg6 35. Qd6+ Kf7 36. Qd7+ Kg6 37. Qe6+ Kg5 38. Qg8+ Kh6 39. Qe6+ Kg5
40. Qg8+ Kh6 41. Kg2 Qd2+ 42. Kh3 Qe2 43. Qe6+ Kg5 44. Qe7+ Kg6 45. Qe8+ Kg5
46. Qe7+ Kg6 47. Qe6+ 1/2-1/2

[Event "4NCL Division One"]
[Site "Daventry, ENG"]
[Date "2023.01.14"]
[Round "3.46"]
[White "Bourached, Anthony"]
[Black "Urh, Zala"]
[Result "0-1"]
[WhiteElo "2200"]
[BlackElo "2394"]
[PlyCount "40"]
[EventDate "2023.01.14"]
[WhiteTeam "Gonzaga"]
[BlackTeam "Chessable White Rose 1"]

1. d4 Nf6 2. Nc3 d5 3. Bf4 a6 4. e3 e6 5. Bd3 c5 6. dxc5 Bxc5 7. Nf3 Nc6 8. O-O
Bd6 9. Bg5 h6 10. Bh4 O-O 11. Re1 Be7 12. a3 b5 13. Nd4 Bb7 14. Bg3 Na5 15. e4
dxe4 16. Bxe4 Nxe4 17. Nxe4 Nc4 18. b3 Nxa3 19. Be5 Qd5 20. Rxa3 Qxe5 0-1

[Event "4NCL Division One"]
[Site "Daventry, ENG"]
[Date "2023.01.14"]
[Round "3.47"]
[White "Palliser, Richard J D"]
[Black "Carroll, Peter"]
[Result "1-0"]
[WhiteElo "2395"]
[BlackElo "2098"]
[PlyCount "47"]
[EventDate "2023.01.14"]
[WhiteTeam "Chessable White Rose 1"]
[BlackTeam "Gonzaga"]

1. Nf3 d5 2. c4 d4 3. b4 g5 4. h3 Bg7 5. Nxg5 e5 6. d3 h6 7. Nf3 f5 8. Nbd2 Ne7
9. g3 O-O 10. Bg2 Ng6 11. O-O e4 12. dxe4 f4 13. Bb2 fxg3 14. fxg3 Qd6 15. e5
Nxe5 16. Nxe5 Rxf1+ 17. Nxf1 Bxe5 18. e3 Qxb4 19. Bd5+ Kg7 20. Qh5 Qe7 21. exd4
Bf6 22. Re1 Qxe1 23. Qf7+ Kh8 24. Qg8# 1-0

[Event "4NCL Division One"]
[Site "Daventry, ENG"]
[Date "2023.01.14"]
[Round "3.48"]
[White "Putar, Lara"]
[Black "Ashton, Adam G"]
[Result "0-1"]
[WhiteElo "1781"]
[BlackElo "2339"]
[PlyCount "52"]
[EventDate "2023.01.14"]
[WhiteTeam "Gonzaga"]
[BlackTeam "Chessable White Rose 1"]

1. d4 d5 2. c4 e6 3. Nf3 Nf6 4. g3 Be7 5. Bg2 O-O 6. O-O dxc4 7. Nc3 Nc6 8. e4
Rb8 9. d5 Nb4 10. Ne5 exd5 11. Nxd5 Nfxd5 12. exd5 Bf5 13. a3 Nd3 14. Nxc4 Bf6
15. Qb3 Nc5 16. Qe3 b6 17. Rd1 Re8 18. Qf4 Bc2 19. Rf1 Bd3 20. Rd1 g5 21. Qg4
h5 22. Qxh5 Be2 23. g4 Bxc4 24. h4 gxh4 25. Bf4 Nd3 26. Bh2 Be5 0-1

[Event "4NCL Division One"]
[Site "Daventry, ENG"]
[Date "2023.01.14"]
[Round "3.51"]
[White "Reimanis, Ritvars"]
[Black "Ansell, Simon T"]
[Result "0-1"]
[WhiteElo "2519"]
[BlackElo "2421"]
[PlyCount "100"]
[EventDate "2023.01.14"]
[WhiteTeam "Celtic Tigers 1"]
[BlackTeam "Blackthorne"]

1. d4 d5 2. c4 c6 3. e3 Bf5 4. Nf3 e6 5. Nc3 Nd7 6. Bd2 h6 7. Be2 Ngf6 8. O-O
Bd6 9. Qb3 Rb8 10. Be1 O-O 11. Nd2 Qe7 12. Bf3 b5 13. cxd5 cxd5 14. Be2 a6 15.
f3 Rfc8 16. a3 e5 17. Qd1 exd4 18. exd4 Nb6 19. Bf2 Nc4 20. Nxc4 bxc4 21. Qd2
Qb7 22. Ra2 Re8 23. Bd1 Bd3 24. Re1 Rxe1+ 25. Bxe1 g5 26. g3 Qd7 27. Bc2 Bxc2
28. Qxc2 g4 29. fxg4 Qxg4 30. Bf2 h5 31. Kg2 Bc7 32. h3 Qg6 33. Qe2 Rb3 34. Ra1
Bxg3 35. Rg1 h4 36. Bxg3 hxg3 37. Rf1 Kg7 38. Rf3 Ne4 39. Nxe4 Qxe4 40. Qxe4
Rxb2+ 41. Kg1 dxe4 42. Rxg3+ Kf6 43. Rc3 Kf5 44. d5 Ke5 45. Rxc4 Kxd5 46. Ra4
e3 47. Kf1 f5 48. h4 Ke5 49. Rxa6 Ke4 50. Ke1 Ke5 0-1

[Event "4NCL Division One"]
[Site "Daventry, ENG"]
[Date "2023.01.14"]
[Round "3.52"]
[White "Gormally, Daniel W"]
[Black "Kilpatrick, Callum"]
[Result "1/2-1/2"]
[WhiteElo "2450"]
[BlackElo "2413"]
[PlyCount "69"]
[EventDate "2023.01.14"]
[WhiteTeam "Blackthorne"]
[BlackTeam "Celtic Tigers 1"]

1. d4 Nf6 2. c4 g6 3. Nc3 d5 4. cxd5 Nxd5 5. e4 Nxc3 6. bxc3 Bg7 7. Nf3 c5 8.
h3 O-O 9. Be2 Nd7 10. O-O e5 11. Bg5 Bf6 12. Bh6 Re8 13. d5 Nb6 14. a4 Bd7 15.
Be3 Qc7 16. d6 Qc6 17. Bb5 Qxe4 18. Nd2 Qh4 19. Nb3 Bxb5 20. axb5 Nd7 21. Nxc5
Nxc5 22. Bxc5 Qc4 23. d7 Re6 24. Rxa7 Rd8 25. Be3 Qxb5 26. Qb1 Qxb1 27. Rxb1
Rxd7 28. Rbxb7 Rxb7 29. Rxb7 Rc6 30. Rb6 Rxb6 31. Bxb6 e4 32. c4 Bc3 33. Kf1 f5
34. Ke2 Kf7 35. f3 1/2-1/2

[Event "4NCL Division One"]
[Site "Daventry, ENG"]
[Date "2023.01.14"]
[Round "3.53"]
[White "Pein, Jonathan"]
[Black "Bates, Richard A"]
[Result "1-0"]
[WhiteElo "2252"]
[BlackElo "2417"]
[PlyCount "57"]
[EventDate "2023.01.14"]
[WhiteTeam "Celtic Tigers 1"]
[BlackTeam "Blackthorne"]

1. e4 c5 2. Nc3 Nc6 3. Nf3 e5 4. Bc4 Be7 5. d3 Nf6 6. Ng5 O-O 7. h4 Na5 8. f4
Nxc4 9. dxc4 exf4 10. e5 Ne8 11. Bxf4 d6 12. Qd3 g6 13. O-O-O Bf5 14. Qg3 Qa5
15. h5 dxe5 16. Bxe5 Bxg5+ 17. Qxg5 f6 18. Qh6 fxe5 19. Rd7 gxh5 20. Rxh5 Bg6
21. Rxh7 Rf1+ 22. Kd2 Bxh7 23. Qxh7+ Kf8 24. Qh8+ Kf7 25. Rh7+ Ke6 26. Qg8+ Kf5
27. Qf7+ Kg5 28. Rh5+ Kg4 29. Qg6+ 1-0

[Event "4NCL Division One"]
[Site "Daventry, ENG"]
[Date "2023.01.14"]
[Round "3.54"]
[White "Ledger, Andrew J"]
[Black "Pein, Malcolm"]
[Result "0-1"]
[WhiteElo "2344"]
[BlackElo "2302"]
[PlyCount "74"]
[EventDate "2023.01.14"]
[WhiteTeam "Blackthorne"]
[BlackTeam "Celtic Tigers 1"]

1. d4 Nf6 2. c4 g6 3. Nc3 Bg7 4. e4 d6 5. Nf3 O-O 6. Be2 e5 7. Be3 c6 8. d5 Ng4
9. Bg5 f6 10. Bh4 c5 11. Nd2 Nh6 12. f3 Nf7 13. Bd3 Na6 14. a3 Bh6 15. Nf1 Bd7
16. Bf2 f5 17. exf5 gxf5 18. Qc2 e4 19. fxe4 Ne5 20. Be2 f4 21. Nd2 Kh8 22. Nf3
Ng4 23. O-O Rg8 24. e5 dxe5 25. Qe4 Qf6 26. Bd3 Qg7 27. Bh4 Raf8 28. Qe2 Ne3
29. Rf2 Bh3 30. g3 Ng4 31. Ne4 fxg3 32. Bxg3 Be3 33. Kh1 Bxf2 34. Nxf2 Nxf2+
35. Qxf2 Bg4 36. Be4 Bxf3+ 37. Bxf3 e4 0-1

[Event "4NCL Division One"]
[Site "Daventry, ENG"]
[Date "2023.01.14"]
[Round "3.55"]
[White "Gallana, Marco"]
[Black "Duncan, Chris R"]
[Result "1-0"]
[WhiteElo "2243"]
[BlackElo "2269"]
[PlyCount "67"]
[EventDate "2023.01.14"]
[WhiteTeam "Celtic Tigers 1"]
[BlackTeam "Blackthorne"]

1. d4 d5 2. c4 c6 3. Nc3 dxc4 4. e3 b5 5. a4 b4 6. Ne4 Qd5 7. Nd2 Ba6 8. Ngf3
Nf6 9. Qc2 c3 10. bxc3 Bxf1 11. Kxf1 bxc3 12. Qxc3 e6 13. Ba3 Nbd7 14. Bxf8
Kxf8 15. Ke2 Ke7 16. Qa3+ c5 17. Rac1 Rhc8 18. Rhd1 Qd6 19. dxc5 Rxc5 20. Nc4
Qa6 21. Ke1 Rac8 22. Nd6 R8c6 23. Nb5 Ke8 24. Rxc5 Rxc5 25. Qxc5 Nxc5 26. Nc7+
Ke7 27. Nxa6 Nxa6 28. Ne5 Nb4 29. Rb1 a5 30. Nc4 Nd3+ 31. Kf1 Nc5 32. Rb5 Nxa4
33. Rxa5 Nc3 34. Ra7+ 1-0

[Event "4NCL Division One"]
[Site "Daventry, ENG"]
[Date "2023.01.14"]
[Round "3.56"]
[White "Ledger, Dave J"]
[Black "Zulfic, Fedja"]
[Result "1-0"]
[WhiteElo "2262"]
[BlackElo "2145"]
[PlyCount "69"]
[EventDate "2023.01.14"]
[WhiteTeam "Blackthorne"]
[BlackTeam "Celtic Tigers 1"]

1. e4 c5 2. Nf3 Nc6 3. d4 cxd4 4. Nxd4 e5 5. Nb5 d6 6. c4 a6 7. N5c3 Be6 8. Be2
Be7 9. O-O Nf6 10. Be3 O-O 11. Qd2 Rc8 12. f3 Nh5 13. Rd1 f5 14. exf5 Bxf5 15.
Nd5 Nd4 16. Bxd4 exd4 17. Qxd4 Bg5 18. Nbc3 Bc2 19. Re1 Bh4 20. Rf1 Kh8 21. f4
Nf6 22. Ne3 Bg6 23. f5 Bh5 24. Qxh4 Qb6 25. Bxh5 Qxe3+ 26. Kh1 Qh6 27. g4 Rxc4
28. Qg3 Qg5 29. Qxd6 Rfc8 30. Rad1 Nxg4 31. Bxg4 Rxg4 32. f6 gxf6 33. Qxf6+
Qxf6 34. Rxf6 Rb4 35. Rd2 1-0

[Event "4NCL Division One"]
[Site "Daventry, ENG"]
[Date "2023.01.14"]
[Round "3.57"]
[White "Serbanescu, Diana-Maria"]
[Black "Ledger, Stephen C"]
[Result "0-1"]
[WhiteElo "2095"]
[BlackElo "2120"]
[PlyCount "96"]
[EventDate "2023.01.14"]
[WhiteTeam "Celtic Tigers 1"]
[BlackTeam "Blackthorne"]

1. e4 c5 2. c3 d5 3. exd5 Qxd5 4. d4 Nf6 5. Nf3 e6 6. Nbd2 Nc6 7. Bc4 Qd6 8.
dxc5 Qxc5 9. Qe2 Be7 10. O-O Bd7 11. Re1 Rc8 12. Bd3 Qh5 13. Ne4 O-O 14. Ng3
Qa5 15. Bf4 Nd5 16. Bd2 Qc7 17. Rad1 Rfd8 18. Ng5 h6 19. Nxf7 Kxf7 20. Qh5+ Kf8
21. Bxh6 Bf6 22. Bc1 Ne5 23. Bc2 Be8 24. Qh8+ Ke7 25. f4 Bg6 26. Qxd8+ Rxd8 27.
fxe5 Bxc2 28. exf6+ Nxf6 29. Rxd8 Qxd8 30. h3 Qb6+ 31. Kh2 Qd6 32. Bg5 Kf7 33.
Rf1 Kg6 34. Bf4 e5 35. Bc1 Bd3 36. Rf2 Ne4 37. Nxe4 Bxe4 38. Be3 a6 39. Rd2 Qc7
40. a3 Bc6 41. Kg3 Kf5 42. Rf2+ Ke4 43. Bc1 Kd3 44. Rd2+ Kc4 45. Rf2 Qd6 46.
Kh2 e4+ 47. Bf4 Qe6 48. Be3 Kd3 0-1

[Event "4NCL Division One"]
[Site "Daventry, ENG"]
[Date "2023.01.14"]
[Round "3.58"]
[White "Varney, Zoe"]
[Black "Franco, Gaston"]
[Result "1/2-1/2"]
[WhiteElo "2048"]
[BlackElo "2051"]
[PlyCount "98"]
[EventDate "2023.01.14"]
[WhiteTeam "Blackthorne"]
[BlackTeam "Celtic Tigers 1"]

1. e4 c5 2. Nf3 Nc6 3. Bb5 g6 4. Bxc6 dxc6 5. d3 Bg7 6. h3 b6 7. O-O Nh6 8. Re1
f6 9. a4 a5 10. Na3 e5 11. c3 Be6 12. d4 cxd4 13. cxd4 Nf7 14. Be3 O-O 15. Rc1
Qc7 16. d5 Bd7 17. dxc6 Bxc6 18. Qb3 Qb7 19. Nd2 Ra6 20. Rc4 Bd7 21. Rc3 Rd8
22. Rec1 Bf8 23. Nb5 f5 24. Bg5 Raa8 25. Rc7 Qb8 26. Bxd8 Qxd8 27. Nf3 Kg7 28.
Rxd7 Qxd7 29. Rc7 Qe8 30. Nxe5 Be7 31. Nxf7 Qxf7 32. Qxf7+ Kxf7 33. exf5 gxf5
34. Rb7 Rd8 35. Rxb6 Rd2 36. Rb7 Kf6 37. Rb6+ Kf7 38. Rb7 Kf6 39. Ra7 Bb4 40.
Ra6+ Kf7 41. Ra7+ Kg6 42. Na3 Rxb2 43. Nc4 Ra2 44. Nxa5 Ra1+ 45. Kh2 Rxa4 46.
Nc6 Rxa7 47. Nxa7 Bc5 48. Nc6 Bxf2 49. Ne5+ Kf6 1/2-1/2

[Event "4NCL Division One"]
[Site "Daventry, ENG"]
[Date "2023.01.14"]
[Round "3.61"]
[White "Wadsworth, Matthew J"]
[Black "Chow, Samuel"]
[Result "1-0"]
[WhiteElo "2470"]
[BlackElo "2318"]
[PlyCount "155"]
[EventDate "2023.01.14"]
[WhiteTeam "Wood Green"]
[BlackTeam "Chessable White Rose 2"]

1. c4 Nf6 2. Nf3 g6 3. g3 Bg7 4. Bg2 O-O 5. O-O c6 6. b3 Ne4 7. d4 d5 8. Bb2 a5
9. Nc3 Nxc3 10. Bxc3 Be6 11. Qd3 Bf5 12. Qd2 Be4 13. Rfc1 Nd7 14. Bf1 Bxf3 15.
exf3 e6 16. a4 Re8 17. Re1 b6 18. f4 Nf6 19. Bg2 Re7 20. Rac1 Rd7 21. Bb2 Bf8
22. Qc2 Rc8 23. Red1 Rcc7 24. Qe2 Rc8 25. h4 h5 26. Bf3 Qc7 27. Rc2 Qd8 28.
Rdc1 Rdc7 29. Kg2 Ne8 30. Bc3 Rd7 31. Bd2 Ba3 32. cxd5 Bxc1 33. dxe6 Re7 34.
exf7+ Kg7 35. fxe8=Q Qxe8 36. Qa6 Bxd2 37. Rxd2 Qd8 38. d5 cxd5 39. Rxd5 Qc7
40. f5 Rf8 41. Qd3 Rxf5 42. Rxf5 gxf5 43. Bxh5 Qe5 44. Bf3 Qf6 45. h5 f4 46. g4
Kh6 47. Qd8 Re6 48. Qg8 Re5 49. Kh3 Rg5 50. Qb8 Re5 51. Qb7 Qe6 52. Kg2 Qf6 53.
Qa8 Kg7 54. Be4 Kh6 55. Kh3 Kg7 56. Qb7+ Re7 57. Qd5 Re5 58. Qa8 Qe6 59. Qb7+
Kf8 60. Qb8+ Kg7 61. Qc7+ Kf8 62. Qd8+ Kg7 63. Bf5 Qf6 64. Qd4 Re1 65. Qxf4
Rh1+ 66. Kg2 Rh4 67. Qc7+ Kf8 68. Kg3 Kg8 69. Qc8+ Kg7 70. Qd7+ Kf8 71. Qe6
Qxe6 72. Bxe6 Rh1 73. f4 Ke7 74. Bc4 Kd6 75. Kg2 Rh4 76. Be2 Kc5 77. Bf3 Kb4
78. Kg3 1-0

[Event "4NCL Division One"]
[Site "Daventry, ENG"]
[Date "2023.01.14"]
[Round "3.62"]
[White "Wall, Tim P"]
[Black "Speelman, Jon S"]
[Result "0-1"]
[WhiteElo "2258"]
[BlackElo "2500"]
[PlyCount "78"]
[EventDate "2023.01.14"]
[WhiteTeam "Chessable White Rose 2"]
[BlackTeam "Wood Green"]

1. Nc3 d5 2. e4 e6 3. Nf3 Nf6 4. e5 Nfd7 5. Ne2 c5 6. c3 c4 7. d4 cxd3 8. Ned4
Nc6 9. Bf4 Nc5 10. Bxd3 Nxd3+ 11. Qxd3 Bd7 12. O-O Be7 13. Rfe1 g5 14. Be3 g4
15. Nxc6 bxc6 16. Nd2 c5 17. c4 Bc6 18. Rac1 d4 19. Bf4 Qb6 20. Rb1 Qb7 21. Ne4
Bxe4 22. Rxe4 h5 23. Bd2 a5 24. a3 a4 25. b4 axb3 26. Rxb3 Qc6 27. Qb1 Bd8 28.
Bc1 Rg8 29. h3 Bc7 30. h4 Kd7 31. Bg5 Rgb8 32. Rf4 f5 33. exf6 Rxb3 34. Qh7+
Kc8 35. f7 Raxa3 36. f8=Q+ Kb7 37. f3 g3 38. Kf1 Ra1+ 39. Ke2 Rb2+ 0-1

[Event "4NCL Division One"]
[Site "Daventry, ENG"]
[Date "2023.01.14"]
[Round "3.63"]
[White "Harvey, Marcus R"]
[Black "Weller, Jean-Luc"]
[Result "1-0"]
[WhiteElo "2466"]
[BlackElo "2233"]
[PlyCount "89"]
[EventDate "2023.01.14"]
[WhiteTeam "Wood Green"]
[BlackTeam "Chessable White Rose 2"]

1. f4 d5 2. Nf3 Bg4 3. e3 Nd7 4. h3 Bxf3 5. Qxf3 e5 6. Nc3 c6 7. g3 Bd6 8. Bg2
Qc7 9. d3 O-O-O 10. Bd2 exf4 11. exf4 Ne7 12. O-O-O Nf5 13. Rde1 Bb4 14. a3 Ba5
15. g4 Nh4 16. Qf2 Nxg2 17. Qxg2 Bxc3 18. Bxc3 Qxf4+ 19. Kb1 f6 20. Rhf1 Qd6
21. Qf2 b6 22. Qe3 Nc5 23. Bb4 d4 24. Qf3 Qd5 25. Qe2 Na6 26. Bd2 Nc7 27. g5 f5
28. Qf2 Rhf8 29. Qh4 g6 30. Qxh7 Qf7 31. Re7 Qxh7 32. Rxh7 Rh8 33. Rh6 Rhg8 34.
h4 Nd5 35. h5 Ne3 36. Rf3 gxh5 37. Rxh5 Rde8 38. c3 c5 39. cxd4 cxd4 40. Rf4
Rd8 41. Ka2 Rd5 42. Rf3 Ng4 43. Rh7 a5 44. Ra7 Rg6 45. Rh3 1-0

[Event "4NCL Division One"]
[Site "Daventry, ENG"]
[Date "2023.01.14"]
[Round "3.64"]
[White "Chan, Sheng Liang Bernard"]
[Black "Fitzsimons, David"]
[Result "1-0"]
[WhiteElo "2138"]
[BlackElo "2412"]
[PlyCount "77"]
[EventDate "2023.01.14"]
[WhiteTeam "Chessable White Rose 2"]
[BlackTeam "Wood Green"]

1. d4 g6 2. e4 Bg7 3. f4 c5 4. c3 cxd4 5. cxd4 d5 6. e5 Nc6 7. Nc3 Nh6 8. Be3
O-O 9. Be2 f6 10. Bf3 e6 11. Nge2 Nf5 12. Bf2 fxe5 13. dxe5 Nh4 14. Bxh4 Qxh4+
15. g3 Qh3 16. Ng1 Qf5 17. Bg4 Qf7 18. Nf3 Bxe5 19. O-O Bf6 20. Re1 Bd7 21. Nb5
Bd8 22. Kg2 Qf6 23. Qe2 a6 24. Nc3 Re8 25. Rad1 Ba5 26. Qd3 Nb4 27. Qd2 Rad8
28. a3 Nc6 29. b4 Bc7 30. Nxd5 exd5 31. Qxd5+ Be6 32. Bxe6+ Rxe6 33. Qa2 Be5
34. Rxe5 Nxe5 35. Rxd8+ Qxd8 36. Qxe6+ Nf7 37. Ng5 Qc7 38. Qe8+ Kg7 39. Ne6+
1-0

[Event "4NCL Division One"]
[Site "Daventry, ENG"]
[Date "2023.01.14"]
[Round "3.65"]
[White "Greet, Andrew N"]
[Black "Walton, Alan J"]
[Result "1-0"]
[WhiteElo "2404"]
[BlackElo "2082"]
[PlyCount "51"]
[EventDate "2023.01.14"]
[WhiteTeam "Wood Green"]
[BlackTeam "Chessable White Rose 2"]

1. c4 f5 2. Nf3 Nf6 3. g3 d6 4. d4 e6 5. Bg2 Be7 6. O-O O-O 7. Nc3 Ne4 8. Nxe4
fxe4 9. Nd2 d5 10. f3 c5 11. fxe4 Rxf1+ 12. Kxf1 dxe4 13. Nxe4 cxd4 14. e3 e5
15. exd4 exd4 16. Qb3 Nc6 17. c5+ Kh8 18. Bf4 Qf8 19. Qd5 Bf5 20. Kg1 Bxe4 21.
Bxe4 Rd8 22. Qh5 Qg8 23. Re1 Bf6 24. Bd6 Re8 25. Kg2 d3 26. Bxh7 1-0

[Event "4NCL Division One"]
[Site "Daventry, ENG"]
[Date "2023.01.14"]
[Round "3.66"]
[White "Townsend, M Paul"]
[Black "McDonald, Neil"]
[Result "1/2-1/2"]
[WhiteElo "2161"]
[BlackElo "2409"]
[PlyCount "93"]
[EventDate "2023.01.14"]
[WhiteTeam "Chessable White Rose 2"]
[BlackTeam "Wood Green"]

1. d4 f5 2. g3 Nf6 3. Bg2 g6 4. Nf3 Bg7 5. O-O O-O 6. b3 b6 7. Bb2 Bb7 8. c4 e6
9. Nc3 Na6 10. a3 c5 11. Qc2 cxd4 12. Nxd4 Bxg2 13. Kxg2 Nc5 14. Rad1 Qe7 15.
Ndb5 Rfc8 16. b4 Nb7 17. Qd3 a6 18. Nd4 Nd6 19. c5 bxc5 20. Nxe6 cxb4 21. Nd5
Qxe6 22. Bxf6 Bxf6 23. Nxf6+ Qxf6 24. Qxd6 Qxd6 25. Rxd6 b3 26. Rd3 Rab8 27.
Rb1 Rc2 28. Rbxb3 Rxb3 29. Rxb3 Rxe2 30. Rd3 Ra2 31. Rxd7 Rxa3 32. Rd8+ Kg7 33.
Rd7+ Kh6 34. h4 Ra2 35. Ra7 a5 36. Kf3 a4 37. Kg2 a3 38. Kf3 g5 39. hxg5+ Kxg5
40. Rxh7 Rb2 41. Ra7 a2 42. Ra6 Rc2 43. Kg2 f4 44. Ra5+ Kg4 45. Ra4 Kh5 46.
Ra5+ Kg4 47. Ra4 1/2-1/2

[Event "4NCL Division One"]
[Site "Daventry, ENG"]
[Date "2023.01.14"]
[Round "3.67"]
[White "Toma, Katarzyna"]
[Black "Shaw, Peter"]
[Result "1-0"]
[WhiteElo "2372"]
[BlackElo "2069"]
[PlyCount "99"]
[EventDate "2023.01.14"]
[WhiteTeam "Wood Green"]
[BlackTeam "Chessable White Rose 2"]

1. e4 c6 2. d4 d5 3. e5 Bf5 4. Nd2 e6 5. Nb3 Nd7 6. Be3 Ne7 7. Nf3 Nc8 8. Be2
Be7 9. Nfd2 O-O 10. f4 f6 11. O-O fxe5 12. fxe5 Bg5 13. Bf2 Bh4 14. Nf3 Bxf2+
15. Rxf2 Ne7 16. Qd2 h6 17. Nh4 Kh8 18. Raf1 b6 19. Nxf5 Rxf5 20. Rxf5 Nxf5 21.
Bg4 Qf8 22. Bxf5 exf5 23. Nc1 Re8 24. Nd3 g6 25. g4 Qg7 26. gxf5 gxf5+ 27. Kh1
Rg8 28. Nf4 Kh7 29. Qf2 b5 30. Nh5 Qg4 31. Qxf5+ Qxf5 32. Rxf5 Kg6 33. Ng3 Rc8
34. Rf2 c5 35. Nf5 Re8 36. c3 cxd4 37. cxd4 b4 38. Ne3 Nb6 39. Rf6+ Kg5 40. Kg2
Nc4 41. Nd1 Rc8 42. b3 Nd2 43. Ne3 Ne4 44. Rf7 Rc3 45. Rg7+ Kh5 46. Nxd5 Rc2+
47. Kf3 Ng5+ 48. Ke3 Rxa2 49. Nf4+ Kh4 50. e6 1-0

[Event "4NCL Division One"]
[Site "Daventry, ENG"]
[Date "2023.01.14"]
[Round "3.68"]
[White "Flint, Martina"]
[Black "Haydon, David L"]
[Result "0-1"]
[WhiteElo "1840"]
[BlackElo "2379"]
[PlyCount "112"]
[EventDate "2023.01.14"]
[WhiteTeam "Chessable White Rose 2"]
[BlackTeam "Wood Green"]

1. f4 Nf6 2. g3 d5 3. Nf3 c5 4. Bg2 Nc6 5. O-O g6 6. c3 Bg7 7. d3 O-O 8. Qc2 d4
9. c4 Ng4 10. h3 Ne3 11. Bxe3 dxe3 12. Nc3 e5 13. fxe5 Nxe5 14. Nd5 Re8 15.
Rab1 Nc6 16. Kh2 Qd6 17. a3 Bd7 18. b4 cxb4 19. axb4 Rac8 20. Ng5 Bf5 21. Ne4
Qe5 22. Qa2 Nd4 23. Rbe1 Bxe4 24. dxe4 a6 25. h4 f5 26. Nxe3 Kh8 27. Nd5 fxe4
28. Rf4 e3 29. Re4 Qh5 30. Rxe3 Rxe3 31. Nxe3 Be5 32. Kh3 Bc7 33. Nd5 Qf5+ 34.
Kh2 Be5 35. Bf3 Rf8 36. Rf1 Kg7 37. Qd2 Re8 38. Ne3 Qd7 39. Qd3 Bxg3+ 40. Kg2
Bxh4 41. Nd5 Nxf3 42. Qxf3 Qe6 43. e3 Bd8 44. Kg1 h5 45. Kh2 Be7 46. c5 Rd8 47.
e4 Qe5+ 48. Kh1 Rf8 49. Nf4 Kh6 50. Kg2 Qg5+ 51. Kh2 Qh4+ 52. Kg2 g5 53. Rh1
Rxf4 54. Rxh4 Rxf3 55. Rh1 Rb3 56. Rd1 Rxb4 0-1